000 01046nam a2200265 i 4500
001 61971
003 ES-MaACL
005 20260426162553.0
007 t|
008 031117s1963 sp ||||1| spa d
100 1 _aFalk, Walter.
_948750
245 1 0 _aImpresionismo y expresionismo :
_bdolor y transformación en Rilke, Kafka, Trakl /
_cWalter Falk ; [lo tradujo del alemán Mario Bueno Heimerle].
260 _aMadrid :
_bGuadarrama,
_c[1963]
300 _a628 p. ;
_c19 cm.
490 1 _aGuadarrama de crítica y ensayo ;
_v41
600 1 7 _aRilke, Rainer Maria,
_d1875-1926-
_xCrítica e interpretación
_9165252
600 1 4 _aKafka, Franz-
_xCrítica e interpretación.
_9173284
600 1 4 _aTrakl, Georg (
_d1887-1914)-
_xCrítica e interpretación.
_9173285
650 7 _aImpresionismo (Literatura)
_2embne
_9173286
650 4 _aExpresionismo (Literatura)
_9156101
700 1 _aBueno Heimerle, Mario.
_932397
830 1 _aGuadarrama de crítica y ensayo ;
_v41
_9182728
852 _aES-MaACL
_jC-23930
999 _c61971
_d61971